| 000 | 00778cab a2200241 4500 | ||
|---|---|---|---|
| 001 | WB3134-14 | ||
| 008 | 090401t1995 xxu||||| |||| 00| 0 eng d | ||
| 035 | _a(Sirsi) u65509 | ||
| 041 | _aeng | ||
| 245 | _aMillennium Commission announces awards | ||
| 260 | _c1995 | ||
| 350 | _a0 | ||
| 490 |
_aIndependent _v12 September 1995, 6(1) |
||
| 490 |
_aTimes _v12 September 1995, 9(1) |
||
| 520 | _aThe first projects to receive awards from the Millennium Commission are announced. They are less `monumental` than the landmark projects that had originally been hinted at. | ||
| 650 | _aAWARDS | ||
| 650 | _aCYCLE PATHS | ||
| 650 | _aLANDMARK PROJECTS | ||
| 650 | _aMILLENNIUM COMMISSION | ||
| 690 | _aPROPERTY-PROPERTY DEVELOPMENT | ||
| 942 | _n0 | ||
| 948 | _c04/03/1997 | ||
| 999 |
_c40849 _d40849 |
||